000 00987nam a2200205Ia 4500
003 Ost
005 20260416102358.0
008 260416s9999||||xx |||||||||||||| ||und||
040 _cfsecg
041 _aara
082 _a657.46
100 _aبودبودة، زهرة
_eمؤلف
245 0 _aمحاضرات في المحاسبة المالية :
_bتخصص: جذع مشترك العلوم الاقتصادية و العلوم التجارية و علوم التسيير /
_c زهرة بودبودة
260 _aالجزائر
_bجامعة الجزائر3: كلية العلوم الإقتصادية، العلوم التجارية وعلوم التسيير
_c2021
300 _a112 ورقة
_bايضاحات
_c30 سم
653 _aالمحاسبة المالية
653 _aالميزانية
710 _aجامعة الجزائر3: كلية العلوم الإقتصادية، العلوم التجارية وعلوم التسيير
_eناشر علمي
942 _cHANDOUT
999 _c41311
_d41311